Olympiáda ľudských práv príručka pre učiteľov

Guardado en:
Detalles Bibliográficos
Otros Autores: Dolník, Viliam
Formato: Libro
Lenguaje:eslovaco
húngaro
Publicado: Bratislava Friedrich Ebert Stiftung 2006
Materias:
Etiquetas: Agregar Etiqueta
Sin Etiquetas, Sea el primero en etiquetar este registro!

MARC

LEADER 00000nam$a2200000$$$4500
001 0052335
005 20240313133315.5
020 |a 80-89149-11-1 
041 0 |a slo 
041 0 |a hun 
044 |a SK 
245 1 0 |a Olympiáda ľudských práv  |b príručka pre učiteľov  |c Viliam Dolník 
264 1 |a Bratislava  |b Friedrich Ebert Stiftung  |c 2006 
300 |a 63 s. 
610 2 0 |a práva ľudské 
610 2 0 |a pojmy 
610 2 0 |a vzdelávanie 
610 2 0 |a výchova 
610 2 0 |a súťaže 
610 2 0 |a testy 
610 2 0 |a problémy spoločenské 
610 2 0 |a spolužitie mierové 
610 2 0 |a správanie 
610 2 0 |a školy 
610 2 0 |a Slovensko 
610 2 0 |a Európska únia 
700 1 |a Dolník, Viliam